000 00694nam a2200193Ia 4500
008 0000001984 fr a 0000000000fre00
090 _aPUS00 F71e1
100 1 _aFranzheim, Elizateth
_d1923
245 1 3 _aElizabeth Franzheim
300 _a[24] p.
_c/ 27 cm.
500 _aTexto bilingue : francés e inglés \ Con el patronazgo del maestro venezolano Jesús Rafael Soto (q.e.p.d.) \
600 0 0 _aFRANZHEIM, ELIZABETH, 1923/
_xTRABAJOS PICTORICOS
650 1 4 _aARTE CONTEMPORANEO ESTADOUNIDENSE
650 1 4 _xCATALOGOS
650 1 4 _xEXPOSICIONES
650 1 4 _aPINTORES ESTADOUNIDENSES
650 1 4 _aPINTURA ESTADOUNIDENSE
999 _c6190
_d6190
260 _aParis : Paris Art Center
_c1984